[Event "51st National Challengers (National â€˜Bâ€™) Chess Cha"]
[Site "Bhopal, Madhya Pradesh-India"]
[Date "2013.10.20"]
[Round "11"]
[Board "4"]
[White "Adhiban, B."]
[Black "Sengupta, Deep"]
[Result "1/2-1/2"]
[WhiteElo "2587"]
[BlackElo "2589"]
[PlyCount "0"]
[EventDate "2013.10.12"]
[EventRounds "13"]
[EventCountry "IND"]

1. d4 d5 2. c4 e6 3. Nf3 c6 4. g3 dxc4 5. Bg2 b5 6. Ne5 Bb7 7. Nc3 a6 8. O-O Nf6 9. b3 cxb3 10. axb3 Be7 11. Bg5 h6 12. Bxf6 gxf6 13. Nf3 c5 14. dxc5 Qxd1 15. Rfxd1 Bxc5 16. Nd2 Bxg2 17. Kxg2 Ke7 18. Nxb5 Rd8 19. Ne4 Rxd1 20. Rxd1 axb5 21. Nxc5 Ra2 22. Kf3 Rc2 23. Nd3 Rc3 24. Rc1 Rxb3 25. Rc7 Kd6 26. Rxf7 Nd7 27. Rh7 b4 28. Rxh6 Ne5 29. Kg2 Nxd3 30. exd3 Rxd3 31. Rxf6 b3 32. Rf8 Kc5 33. Rb8 Kc4 34. Kf1 Rd2 35. h4 b2 36. Kg2 Kc3 37. Rc8 Kd3 38. Rd8 Kc2 39. Rc8 Kd1 40. Rb8 Kc2 41. h5 Rd8 42. Rb7 b1Q 43. Rxb1 Kxb1 44. Kf3 Kc2 45. Ke4 Rg8 46. Ke5 Kd3 47. Kxe6 Ke4 48. Kf6 Rf8 49. Kg7 Rxf2 50. h6 Rg2 51. h7 Rxg3 52. Kf7 Rf3 53. Kg7 Rg3  1/2-1/2

[Event "51st National Challengers (National â€˜Bâ€™) Chess Cha"]
[Site "Bhopal, Madhya Pradesh-India"]
[Date "2013.10.20"]
[Round "11"]
[Board "5"]
[White "Sagar, Shah"]
[Black "Lalith, Babu M.R."]
[Result "1-0"]
[WhiteElo "2373"]
[BlackElo "2583"]
[PlyCount "0"]
[EventDate "2013.10.12"]
[EventRounds "13"]
[EventCountry "IND"]

1. d4 Nf6 2. c4 e6 3. Nf3 Nc6 4. Nc3 Bb4 5. Qc2 d6 6. Bd2 O-O 7. a3 Bxc3 8. Bxc3 Qe7 9. e3 e5 10. d5 Nb8 11. Nd2 Nbd7 12. b4 c6 13. dxc6 bxc6 14. Bd3 Re8 15. O-O d5 16. Rac1 Nf8 17. cxd5 cxd5 18. Bb2 Bd7 19. b5 Ng6 20. Rfe1 e4 21. Bf1 Ng4 22. f3 Nh6 23. fxe4 dxe4 24. Nb3 Qg5 25. Nc5 Bf5 26. Kh1 Ng4 27. h3 N4e5 28. Qf2 Qh5 29. Bd4 Rad8 30. Rcd1 Bg4 31. Be2 Nf3 32. Nxe4 Bxh3 33. Ng3 Bxg2 34. Kxg2 Ngh4 35. Kf1 Qg4 36. Bxf3 Nxf3 37. Kg2 Nh4 38. Kh2 Nf3 39. Kg2 Nxe1 40. Rxe1 Rd5 41. Rf1 f6 42. Qa2 Qe6 43. Rf5 Rd7 44. Qxe6 Rxe6 45. a4 Kf7 46. Ne2 g6 47. Rc5 a6 48. Nc3 axb5 49. axb5 Rb7 50. Nd5 Rd6 51. Rc7 Rxc7 52. Nxc7 Rd8 53. b6 Rb8 54. Na6 Rb7 55. Nb4 Ke6 56. Nc6 Kd6 57. Na5 Rb8 58. b7 f5 59. Ba7 Kc7 60. Bxb8 Kxb8 61. Kf3 h5 62. Nc6  1-0

[Event "51st National Challengers (National â€˜Bâ€™) Chess Cha"]
[Site "Bhopal, Madhya Pradesh-India"]
[Date "2013.10.20"]
[Round "11"]
[Board "6"]
[White "Padmini, Rout"]
[Black "Vishnu, Prasanna. V"]
[Result "1/2-1/2"]
[WhiteElo "2330"]
[BlackElo "2496"]
[PlyCount "0"]
[EventDate "2013.10.12"]
[EventRounds "13"]
[EventCountry "IND"]

1. e4 c5 2. Nf3 d6 3. d4 cxd4 4. Nxd4 Nf6 5. Nc3 a6 6. h3 e5 7. Nde2 h5 8. Bg5 Be6 9. g3 Nbd7 10. Bg2 Be7 11. a4 Rc8 12. O-O Nf8 13. Bxf6 Bxf6 14. Nd5 h4 15. g4 Ng6 16. Qd3 O-O 17. Rfd1 Bxd5 18. exd5 Bg5 19. Be4 Ne7 20. b3 g6 21. Kh1 Kh7 22. Rg1 Ng8 23. c4 Nf6 24. Bg2 Qb6 25. Rgf1 a5 26. Rab1 Nd7 27. Qc2 Rce8 28. f4 exf4 29. Nxf4 Qe3 30. Rf3 Qe7 31. Rbf1 b6 32. R3f2 Kg7 33. Re2 Qd8 34. Nd3 Rxe2 35. Qxe2 Re8 36. Qf2 Qf6 37. Qxf6 Bxf6 38. Rb1 Bd4 39. b4 axb4 40. Nxb4 Re2 41. Bf1 Rd2 42. Nc6 Be3 43. a5 bxa5 44. Nxa5 Ne5 45. Nc6 f5 46. gxf5 gxf5 47. Re1 f4 48. Nxe5 dxe5 49. Bg2 Kf6 50. Bf3 Rc2 51. Bg4 Rxc4 52. Rd1 Bd4 53. Kg2 Ke7 54. Bf5 Kd6 55. Kf3 Rc8 56. Be4 Rg8 57. Ke2 Rg7 58. Rc1 Rg3 59. Rc6 Ke7 60. Bf3 Rxh3 61. Bg4 Rg3 62. d6 Kf6 63. d7 Ke7 64. Rc8 Bb6 65. Re8 Kd6 66. d8Q Bxd8 67. Rxd8 Ke7 68. Rd7 Kf6 69. Bf3 h3 70. Rh7 Ke6 71. Rxh3 Rxh3 72. Bg4 Kd5 73. Bxh3 e4 74. Bg2 f3 75. Bxf3 exf3 76. Kxf3  1/2-1/2

[Event "51st National Challengers (National â€˜Bâ€™) Chess Cha"]
[Site "Bhopal, Madhya Pradesh-India"]
[Date "2013.10.20"]
[Round "11"]
[Board "7"]
[White "Gusain, Himal"]
[Black "Kunte, Abhijit"]
[Result "1/2-1/2"]
[WhiteElo "2307"]
[BlackElo "2487"]
[PlyCount "0"]
[EventDate "2013.10.12"]
[EventRounds "13"]
[EventCountry "IND"]

1. e4 c5 2. d4 cxd4 3. c3 Nf6 4. e5 Nd5 5. Nf3 d6 6. exd6 e6 7. Qxd4 Qxd6 8. Bb5 Bd7 9. Na3 a6 10. Nc4 Qc5 11. Bxd7 Nxd7 12. Qd3 Be7 13. Ng5 Rc8 14. Na3 Qc7 15. O-O h6 16. Ne4 O-O 17. Nc2 f5 18. Ng3 Ne5 19. Qd1 Bc5 20. Nd4 Bxd4 21. cxd4 Ng4 22. h3 Ngf6 23. Re1 Qd6 24. Qb3 Rc7 25. Bd2 Rfc8 26. Re2 Qd7 27. Rae1 Rc6 28. Qf3 Qf7 29. Bf4 Nd7 30. Be5 Rc1 31. Qb3 R8c6 32. Nf1 Nxe5 33. Rxe5 Rxe1 34. Rxe1 Rb6 35. Qc2 Qc7 36. Qd2 Qc4 37. b3 Qb4 38. Rc1 Rd6 39. Rc4 Qb6 40. Nh2 Ne7 41. Nf3 Nc6 42. Qf4 Qd8 43. Qe3 Qa5 44. Rc5 Qxa2 45. d5 exd5 46. Rxd5 Rxd5 47. Qe8  1/2-1/2

[Event "51st National Challengers (National â€˜Bâ€™) Chess Cha"]
[Site "Bhopal, Madhya Pradesh-India"]
[Date "2013.10.20"]
[Round "11"]
[Board "8"]
[White "Deepan, Chakkravarthy J."]
[Black "Das, Sayantan"]
[Result "1-0"]
[WhiteElo "2476"]
[BlackElo "2366"]
[PlyCount "0"]
[EventDate "2013.10.12"]
[EventRounds "13"]
[EventCountry "IND"]

1. d4 Nf6 2. c4 e6 3. Nc3 Bb4 4. a3 Bxc3 5. bxc3 d5 6. f3 c5 7. cxd5 Nxd5 8. dxc5 f5 9. Nh3 O-O 10. Nf4 Qa5 11. Qb3 Nc6 12. Nd3 f4 13. Bd2 Qd8 14. g3 e5 15. gxf4 Be6 16. f5 Rxf5 17. Qxb7 Na5 18. Qa6 Bf7 19. Nf2 Nb3 20. Rd1 Rf6 21. Qa4 Nxc5 22. Qh4 Qb6 23. Rg1 Re8 24. Rg4 Kh8 25. Ne4 Nxe4 26. fxe4 Bh5 27. Rg5 Ref8 28. Rf5 Bg6 29. Bg5 Rxf5 30. exf5 Rxf5 31. e4 Rf8 32. exd5 Qg1 33. Ke2 Bc2 34. Rc1 e4 35. Be3 Bd3 36. Kd2 Qg6 37. Bxd3 exd3 38. Rg1 Qe8 39. Qg4 Rf7 40. Bd4 Kg8 41. Qe6  1-0

[Event "51st National Challengers (National â€˜Bâ€™) Chess Cha"]
[Site "Bhopal, Madhya Pradesh-India"]
[Date "2013.10.20"]
[Round "11"]
[Board "9"]
[White "Babu, N Sudhakar"]
[Black "Swapnil, S. Dhopade"]
[Result "1/2-1/2"]
[WhiteElo "2262"]
[BlackElo "2471"]
[PlyCount "0"]
[EventDate "2013.10.12"]
[EventRounds "13"]
[EventCountry "IND"]

1. d4 Nf6 2. c4 c5 3. d5 b5 4. cxb5 a6 5. bxa6 g6 6. Nc3 Bxa6 7. g3 d6 8. Bg2 Bg7 9. Nh3 Nbd7 10. O-O O-O 11. Qc2 Qa5 12. Bd2 Rfb8 13. Rab1 Ne5 14. b3 c4 15. Na4 cxb3 16. axb3 Qd8 17. Bc3 Ned7 18. Nf4 Rc8 19. Rfc1 Bb5 20. Qd1 Rc7 21. Nd3 Bxd3 22. Qxd3 Qb8 23. Bd4 Rb7 24. Qc2 Ne8 25. Bxg7 Kxg7 26. b4 Nef6 27. Qb3 Rba7 28. Nc3 Qb6 29. Qd1 Ne5 30. h3 Ra3 31. Rb3 R3a7 32. Ne4 Nxe4 33. Bxe4 f5 34. Bf3 Ra4 35. Qd2 Ra2 36. Rb2 R2a3 37. Kg2 R8a7 38. b5 R7a5 39. Rc3 Rxc3 40. Qxc3 Rxb5 41. Rxb5 Qxb5 42. Qc7 Qe8 43. Kh2 Qf7 44. Bg2 f4 45. gxf4 Qxf4 46. Kg1 g5 47. Qc8 Ng6 48. e3 Qe5 49. Qg4 Nh4 50. Bh1 h6 51. Bg2 Kf6 52. Qc8 Kf7 53. Qg4 Kg7 54. Bh1 Qa1 55. Kh2 Qb2 56. Kg1 Qe5 57. Bg2 Qf5 58. Be4 Qe5 59. Bg2 Ng6 60. Qe4 Qc3 61. Qg4 Qe1 62. Bf1 Qa1 63. Qd7 Kf7 64. Qf5 Kg7 65. Qd7 h5 66. Qf5 Kh6 67. Qc8 Kg7 68. Qf5 Kh6 69. Qc8 Kg7  1/2-1/2

[Event "51st National Challengers (National â€˜Bâ€™) Chess Cha"]
[Site "Bhopal, Madhya Pradesh-India"]
[Date "2013.10.20"]
[Round "11"]
[Board "10"]
[White "Visakh, Nr"]
[Black "Neelotpal, Das"]
[Result "1/2-1/2"]
[WhiteElo "2218"]
[BlackElo "2455"]
[PlyCount "0"]
[EventDate "2013.10.12"]
[EventRounds "13"]
[EventCountry "IND"]

1. d4 Nf6 2. Nf3 e6 3. c4 d5 4. Nc3 c6 5. cxd5 exd5 6. Bg5 Be7 7. Qc2 g6 8. e3 Bf5 9. Bd3 Bxd3 10. Qxd3 Nbd7 11. O-O O-O 12. Qc2 Re8 13. Rab1 a5 14. a3 Nb6 15. Ne5 Nfd7 16. Bxe7 Qxe7 17. Nxd7 Qxd7 18. Rbd1 Re7 19. Ne2 a4 20. Nf4 Nc4 21. Nd3 b5 22. Nc5 Qe8 23. h4 f5 24. h5 gxh5 25. Nd3 Rg7 26. Nf4 Qf7 27. Kh2 h4 28. Rh1 Re8 29. Kg1 Rg4 30. Rh3 Kh8 31. Kh1 Qf6 32. Qc3 Qe7 33. Rg1 Reg8 34. Qc2 Qf6 35. Qc3 Rb8 36. Qc2 Rbg8 37. Qc3 Rf8 38. Rf1 Qe7 39. Rg1 Rb8 40. Qc2 Qe4 41. Qc3 Qe7 42. Qc2 Qe4 43. Qc3 Qe7 44. Qc2 Qe4  1/2-1/2

[Event "51st National Challengers (National â€˜Bâ€™) Chess Cha"]
[Site "Bhopal, Madhya Pradesh-India"]
[Date "2013.10.20"]
[Round "11"]
[Board "11"]
[White "Karthikeyan, Murali"]
[Black "Ravichandran, Siddharth"]
[Result "1-0"]
[WhiteElo "2444"]
[BlackElo "2372"]
[PlyCount "0"]
[EventDate "2013.10.12"]
[EventRounds "13"]
[EventCountry "IND"]

1. e4 c5 2. Nf3 d6 3. d4 cxd4 4. Nxd4 Nf6 5. Nc3 a6 6. Be3 e5 7. Nb3 Be6 8. f3 Be7 9. Qd2 O-O 10. O-O-O a5 11. a4 Nc6 12. Kb1 Nb4 13. g4 Rc8 14. h4 d5 15. g5 Ne8 16. exd5 Bf5 17. Rc1 Nd6 18. Bc5 b6 19. Bxd6 Qxd6 20. Bb5 Rxc3 21. bxc3 Nxd5 22. Bc4 Be6 23. Rhd1 Nxc3 24. Qxc3 Qc7 25. Nd2 Rc8 26. Qb3 Bxc4 27. Nxc4 Qxc4 28. Rd7 Kf8 29. Rcd1 Qxh4 30. Rb7 Qxg5 31. Rdd7 Qg1 32. Kb2 Re8 33. Rxb6 g6 34. Rf6 Rb8 35. Qxb8 Kg7 36. Rb6 Qc5 37. Rbb7 Qa3 38. Kb1 Qxf3 39. Rxe7 Qd1 40. Kb2 Qd4 41. c3 Qd2 42. Kb3 Qd1 43. Kc4 Qxa4 44. Kc5 Qa3 45. Kb6 Qb2 46. Ka7 Qf2 47. Ka8  1-0

[Event "51st National Challengers (National â€˜Bâ€™) Chess Cha"]
[Site "Bhopal, Madhya Pradesh-India"]
[Date "2013.10.20"]
[Round "11"]
[Board "12"]
[White "Patil, Pratik"]
[Black "Gagare, Shardul"]
[Result "0-1"]
[WhiteElo "2237"]
[BlackElo "2443"]
[PlyCount "0"]
[EventDate "2013.10.12"]
[EventRounds "13"]
[EventCountry "IND"]

1. e4 c6 2. d4 d5 3. e5 Bf5 4. Be3 e6 5. Nd2 Nd7 6. Ngf3 Ne7 7. Be2 Bg6 8. Nh4 Qb6 9. Nb3 Nxe5 10. dxe5 Qb4 11. Qd2 Qxh4 12. g4 h5 13. O-O-O hxg4 14. Qb4 b6 15. Qa4 g3 16. f4 gxh2 17. Bxb6 f6 18. Bc7 Be4 19. exf6 gxf6 20. Nd4 Bxh1 21. Nxc6 Kf7 22. Rxh1 Qf2  0-1

[Event "51st National Challengers (National â€˜Bâ€™) Chess Cha"]
[Site "Bhopal, Madhya Pradesh-India"]
[Date "2013.10.20"]
[Round "11"]
[Board "13"]
[White "Swayams, Mishra"]
[Black "Murali Krishnan, B.T."]
[Result "1-0"]
[WhiteElo "2434"]
[BlackElo "2306"]
[PlyCount "0"]
[EventDate "2013.10.12"]
[EventRounds "13"]
[EventCountry "IND"]

1. c4 e6 2. d4 d5 3. Nc3 Nf6 4. Bg5 Be7 5. Nf3 h6 6. Bh4 O-O 7. e3 b6 8. cxd5 Nxd5 9. Bxe7 Qxe7 10. Nxd5 exd5 11. Rc1 Be6 12. Qa4 c5 13. Qa3 Rc8 14. Bb5 a6 15. dxc5 bxc5 16. O-O Qb7 17. Ba4 Qb6 18. Ne5 Ra7 19. f4 f5 20. Rfd1 Rb7 21. Rd2 a5 22. Qb3 Na6 23. Qxb6 Rxb6 24. Bd7 Bxd7 25. Nxd7 Rd6 26. Ne5 Rcd8 27. Rcd1 Nc7 28. h3 a4 29. g4 fxg4 30. hxg4 Re6 31. Rc1 Na6 32. Rc4 g5 33. Rxa4 d4 34. exd4 gxf4 35. Nf3 Nb4 36. dxc5 Rxd2 37. Nxd2 Re1 38. Kg2 Nd3 39. c6 Re2 40. Kh3 Nf2 41. Kh4 Nd3 42. g5 Ne5 43. gxh6 Nxc6 44. Nf3 Rxb2 45. Ra6 Rc2 46. Kg5 Kh7 47. Kh5 Kg8 48. Ra8 Kf7 49. h7  1-0

[Event "51st National Challengers (National â€˜Bâ€™) Chess Cha"]
[Site "Bhopal, Madhya Pradesh-India"]
[Date "2013.10.20"]
[Round "11"]
[Board "14"]
[White "Laxman, R.R."]
[Black "Praveen Kumar, C."]
[Result "1-0"]
[WhiteElo "2424"]
[BlackElo "2286"]
[PlyCount "0"]
[EventDate "2013.10.12"]
[EventRounds "13"]
[EventCountry "IND"]

1. d4 d5 2. c4 c6 3. Nf3 Nf6 4. e3 Bf5 5. Nc3 e6 6. Nh4 Bg6 7. Qb3 Qc7 8. Bd2 Nbd7 9. Nxg6 hxg6 10. h3 Be7 11. Rc1 dxc4 12. Bxc4 a6 13. Be2 Rd8 14. e4 e5 15. d5 Nc5 16. Qc2 cxd5 17. Nxd5 Nxd5 18. exd5 Qd6 19. Be3 Nd7 20. O-O Nf6 21. Qb3 Qb4 22. Qxb4 Bxb4 23. Bb6 Ra8 24. Bc7 e4 25. Rfd1 Be7 26. Be5 Bd8 27. d6 Kd7 28. Bc4 Rf8 29. Bb3 Bb6 30. Ba4 Ke6 31. Bc3 e3 32. Bb3 Kd7 33. Ba4 Ke6 34. Bd4 exf2 35. Kxf2 Ne4 36. Kf3 Bxd4 37. Rxd4 f5 38. Bb3 Kf6 39. Rc7 b5 40. h4 g5 41. Bd5 Rad8 42. Bxe4 fxe4 43. Kxe4 gxh4 44. Kd5 g5 45. d7 Rg8 46. Kd6 g4 47. Rc5  1-0

[Event "51st National Challengers (National â€˜Bâ€™) Chess Cha"]
[Site "Bhopal, Madhya Pradesh-India"]
[Date "2013.10.20"]
[Round "11"]
[Board "15"]
[White "Stany, G.A."]
[Black "Siva, Mahadevan"]
[Result "1-0"]
[WhiteElo "2388"]
[BlackElo "1976"]
[PlyCount "0"]
[EventDate "2013.10.12"]
[EventRounds "13"]
[EventCountry "IND"]

1. f4 d5 2. Nf3 Nf6 3. g3 c5 4. Bg2 Nc6 5. O-O g6 6. d3 Bg7 7. Qe1 O-O 8. e4 dxe4 9. dxe4 e5 10. Nc3 Bg4 11. h3 Bxf3 12. Rxf3 Nd4 13. Rf2 Nh5 14. f5 Nxg3 15. f6 Bh8 16. Nd5 Re8 17. c3 Qa5 18. b4 cxb4 19. cxd4 exd4 20. Bd2 h5 21. Bxb4 Qa4 22. Rf4 Nf5 23. Rxf5 gxf5 24. Qg3 Kh7 25. Qg5  1-0

[Event "51st National Challengers (National â€˜Bâ€™) Chess Cha"]
[Site "Bhopal, Madhya Pradesh-India"]
[Date "2013.10.20"]
[Round "11"]
[Board "17"]
[White "Shashikant, Kutwal"]
[Black "Sangma, Rahul"]
[Result "1/2-1/2"]
[WhiteElo "2239"]
[BlackElo "2394"]
[PlyCount "0"]
[EventDate "2013.10.12"]
[EventRounds "13"]
[EventCountry "IND"]

1. e4 e5 2. Nf3 Nc6 3. Bb5 Nf6 4. O-O Nxe4 5. d4 Nd6 6. Bxc6 dxc6 7. dxe5 Nf5 8. Qxd8 Kxd8 9. Nc3 h6 10. h3 a5 11. Rd1 Ke8 12. a4 Be6 13. g4 Ne7 14. Nd4 Rd8 15. Kg2 Nd5 16. Nxe6 fxe6 17. Ne4 Be7 18. Bd2 Ra8 19. f4 Rf8 20. Kg3 g6 21. c4 Nb6 22. b3 Nd7 23. Rf1 Bc5 24. Bc3 b6 25. Rf3 Rd8 26. Raf1 Rg8 27. Rd1 Rf8 28. Rdf1 Be7 29. Rd3 Kf7 30. Rfd1 Nb8 31. Kf3 Rxd3 32. Rxd3 Ke8 33. Kg3  1/2-1/2

[Event "51st National Challengers (National â€˜Bâ€™) Chess Cha"]
[Site "Bhopal, Madhya Pradesh-India"]
[Date "2013.10.20"]
[Round "11"]
[Board "18"]
[White "Puranik, Abhimanyu"]
[Black "Himanshu, Sharma"]
[Result "1-0"]
[WhiteElo "2238"]
[BlackElo "2391"]
[PlyCount "0"]
[EventDate "2013.10.12"]
[EventRounds "13"]
[EventCountry "IND"]

1. e4 c5 2. Nf3 g6 3. d4 cxd4 4. Nxd4 Bg7 5. c4 Nc6 6. Be3 Nf6 7. Nc3 Ng4 8. Qxg4 Nxd4 9. Qd1 Ne6 10. Qd2 d6 11. Be2 Qa5 12. O-O Nc5 13. f3 Bxc3 14. bxc3 Be6 15. Rab1 Qc7 16. Bd4 f6 17. Qe3 b6 18. f4 Nd7 19. e5 dxe5 20. fxe5 f5 21. Bf3 Rd8 22. Bd5 Nf8 23. Qf3 h5 24. a4 Bxd5 25. cxd5 Qc4 26. e6 Rh7 27. Rbd1 Rxd5 28. Bxb6 axb6 29. Qxd5 Qxd5 30. Rxd5 Nxe6 31. Rb5 Kf7 32. Rxb6 Rh8 33. a5 Rc8 34. a6 Rxc3 35. Ra1  1-0

[Event "51st National Challengers (National â€˜Bâ€™) Chess Cha"]
[Site "Bhopal, Madhya Pradesh-India"]
[Date "2013.10.20"]
[Round "11"]
[Board "20"]
[White "Navalgund, Niranjan"]
[Black "Konguvel, Ponnuswamy"]
[Result "1/2-1/2"]
[WhiteElo "2230"]
[BlackElo "2366"]
[PlyCount "0"]
[EventDate "2013.10.12"]
[EventRounds "13"]
[EventCountry "IND"]

1. d4 Nf6 2. c4 g6 3. Nc3 Bg7 4. e4 d6 5. Bd3 O-O 6. Nge2 Nc6 7. O-O Nh5 8. Bc2 e5 9. d5 Ne7 10. Rb1 f5 11. exf5 gxf5 12. Ng3 Nf4 13. Nh5 Neg6 14. Nxg7 Kxg7 15. Kh1 h5 16. Ne2 Nxe2 17. Qxe2 f4 18. Qxh5 Qf6 19. g3 Rh8 20. Qxg6 Qxg6 21. Bxg6 Kxg6 22. gxf4 Bf5 23. Ra1 Bd3 24. Rg1 Kf7 25. Rg3 Bxc4 26. fxe5 Bxd5 27. Kg1 dxe5 28. Bg5 Ke6 29. Re1 Raf8 30. f4 e4 31. h4 Kf5 32. Kf2 c6 33. Ke3 Rh7 34. a3 a5 35. Rg2 Re7 36. Ree2 Rff7  1/2-1/2

[Event "51st National Challengers (National â€˜Bâ€™) Chess Cha"]
[Site "Bhopal, Madhya Pradesh-India"]
[Date "2013.10.20"]
[Round "11"]
[Board "21"]
[White "Abhishek, Das"]
[Black "Mehar, Chinna Reddy C.H."]
[Result "1/2-1/2"]
[WhiteElo "2228"]
[BlackElo "2339"]
[PlyCount "0"]
[EventDate "2013.10.12"]
[EventRounds "13"]
[EventCountry "IND"]

1. e4 c5 2. c3 Nf6 3. e5 Nd5 4. d4 cxd4 5. Nf3 Nc6 6. cxd4 d6 7. Bc4 Nb6 8. Bb5 dxe5 9. Nxe5 Bd7 10. Nxd7 Qxd7 11. O-O e6 12. Qg4 g6 13. Nc3 a6 14. Bxc6 bxc6 15. Bf4 Bg7 16. Be5 O-O 17. Qe2 Nd5 18. Ne4 Qb7 19. Rac1 Qb5 20. Qd2 Rfd8 21. Rc5 Qb4 22. Qe2 Bxe5 23. dxe5 Qd4 24. Rxc6 Qxe5 25. g3 Rab8  1/2-1/2

[Event "51st National Challengers (National â€˜Bâ€™) Chess Cha"]
[Site "Bhopal, Madhya Pradesh-India"]
[Date "2013.10.20"]
[Round "11"]
[Board "22"]
[White "Ram, S. Krishnan"]
[Black "Lahiri, Atanu"]
[Result "1-0"]
[WhiteElo "2228"]
[BlackElo "2325"]
[PlyCount "0"]
[EventDate "2013.10.12"]
[EventRounds "13"]
[EventCountry "IND"]

1. d4 d6 2. e4 g6 3. c4 Bg7 4. Nc3 e5 5. Nge2 Nc6 6. Be3 Nh6 7. d5 Ne7 8. f3 f5 9. Qd2 Nf7 10. c5 c6 11. O-O-O dxc5 12. d6 Ng8 13. exf5 gxf5 14. g4 Nf6 15. gxf5 Bxf5 16. Ng3 Bg6 17. h4 h5 18. Bh3 Nh6 19. d7 Kf8 20. Bxc5 Kg8 21. Be7 Qxe7 22. d8Q Rxd8 23. Qxd8 Kf7 24. Qxe7 Kxe7 25. Rhe1 Nf7 26. Bf5 Bh6 27. Kb1 Bf4 28. Nce2 Bxg3 29. Nxg3 Rg8 30. Rg1 Nd5 31. Bxg6 Rxg6 32. Nxh5 Rh6 33. Ng3 Ke6 34. Rh1 b6 35. Ne4 Kf5 36. Rdg1 Rh7 37. Rg4 Ne3 38. Ng3 Kf6 39. Ne4 Kf5 40. Rg8  1-0

[Event "51st National Challengers (National â€˜Bâ€™) Chess Cha"]
[Site "Bhopal, Madhya Pradesh-India"]
[Date "2013.10.20"]
[Round "11"]
[Board "23"]
[White "Ravi, Teja S."]
[Black "Matta, Vinay Kumar"]
[Result "1/2-1/2"]
[WhiteElo "2285"]
[BlackElo "2209"]
[PlyCount "0"]
[EventDate "2013.10.12"]
[EventRounds "13"]
[EventCountry "IND"]

1. d4 Nf6 2. c4 g6 3. g3 Bg7 4. Bg2 O-O 5. Nc3 d6 6. Nf3 Nc6 7. O-O a6 8. Qd3 e5 9. dxe5 dxe5 10. Qxd8 Rxd8 11. Bg5 Re8 12. Nd5 Nxd5 13. cxd5 Nb4 14. e4 c6 15. Bd2 Nd3 16. dxc6 bxc6 17. Bc3 Nc5 18. Rfe1 Na4 19. Rac1 Bg4 20. h3 Bxf3 21. Bxf3 Bh6 22. Rcd1 Nxc3 23. bxc3  1/2-1/2

[Event "51st National Challengers (National â€˜Bâ€™) Chess Cha"]
[Site "Bhopal, Madhya Pradesh-India"]
[Date "2013.10.20"]
[Round "11"]
[Board "24"]
[White "Mohota, Nisha"]
[Black "Imocha, Laishram"]
[Result "0-1"]
[WhiteElo "2283"]
[BlackElo "2197"]
[PlyCount "0"]
[EventDate "2013.10.12"]
[EventRounds "13"]
[EventCountry "IND"]

1. d4 Nf6 2. Nf3 g6 3. Bg5 Bg7 4. Nbd2 d5 5. e3 O-O 6. c3 b6 7. Bd3 c5 8. O-O Nbd7 9. a4 Bb7 10. Qb1 Nh5 11. a5 bxa5 12. Nb3 c4 13. Nxa5 Rb8 14. Be2 Ba8 15. e4 dxe4 16. Nd2 Rb5 17. h4 Rxa5# 18. Rxa5 Qxa5 19. Bxe7 Nf4 20. Bxc4 Re8 21. Bg5 Qc7 22. Qa2 Ne6 23. Be3 Nf6 24. Ra1 Ng4 25. Nf1 Re7 26. b4 Nxe3 27. fxe3 Nd8 28. Qb3 Bf8 29. b5 Qb8 30. Be2 Kg7 31. c4 f5 32. g3 h6 33. c5 g5 34. h5 f4 35. gxf4 gxf4 36. Ra6 Kh8 37. Rg6 Bg7 38. d5 f3 39. d6 Re5 40. Bxf3 exf3 41. Rxg7 Kxg7 42. Qc3 Nf7 43. d7 Qd8 44. Ng3 Qxd7 45. c6 Qh3  0-1

[Event "51st National Challengers (National â€˜Bâ€™) Chess Cha"]
[Site "Bhopal, Madhya Pradesh-India"]
[Date "2013.10.20"]
[Round "11"]
[Board "25"]
[White "Yogit, S"]
[Black "Gurpreet, Singh Maras"]
[Result "1/2-1/2"]
[WhiteElo "2024"]
[BlackElo "2261"]
[PlyCount "0"]
[EventDate "2013.10.12"]
[EventRounds "13"]
[EventCountry "IND"]

1. e4 c5 2. Nf3 Nc6 3. d4 cxd4 4. Nxd4 Nf6 5. Nc3 d6 6. Bg5 e6 7. Qd2 Be7 8. O-O-O a6 9. f3 Bd7 10. Be3 b5 11. Nxc6 Bxc6 12. Ne2 Bb7 13. Nd4 Nd7 14. g4 Ne5 15. g5 Rc8 16. Qg2 Nc4 17. Bxc4 Rxc4 18. h4 g6 19. h5 Rf8 20. hxg6 hxg6 21. e5 Qc7 22. exd6 Bxd6 23. Rh7 Bd5 24. Qd2 Be5 25. f4 Rh8 26. Rh2 Rxh2 27. Qxh2 Bg7 28. Kb1 Be4 29. Rd2 Ke7 30. Qf2 Qc8 31. Nb3 Qh8 32. Bc5 Ke8 33. Bb6 Qh1 34. Nc1 Bd5 35. Ba5 Ra4 36. b3 Rxa5 37. Qb6 Rxa2 38. Qb8 Ke7 39. Qb7  1/2-1/2

[Event "51st National Challengers (National â€˜Bâ€™) Chess Cha"]
[Site "Bhopal, Madhya Pradesh-India"]
[Date "2013.10.20"]
[Round "11"]
[Board "26"]
[White "Raghunandan, Kaumandur Srihari"]
[Black "Prakash, G B"]
[Result "0-1"]
[WhiteElo "2146"]
[BlackElo "2255"]
[PlyCount "0"]
[EventDate "2013.10.12"]
[EventRounds "13"]
[EventCountry "IND"]

1. d4 Nf6 2. Nf3 e6 3. c4 Bb4 4. Bd2 Bxd2 5. Qxd2 d5 6. Nc3 O-O 7. e3 Qe7 8. cxd5 exd5 9. Bd3 Be6 10. O-O Nbd7 11. h3 Rad8 12. Rac1 c6 13. Qc2 g6 14. a3 Ne8 15. Na4 Qf6 16. Nd2 Nd6 17. Nc5 Nxc5 18. Qxc5 a6 19. a4 Bf5 20. Bxf5 Qxf5 21. Qc2 Qd7 22. Nb3 Rfe8 23. Nc5 Qc7 24. Nd3 Re7 25. b3 Rde8 26. Nf4 Qd8 27. Nd3 Kg7 28. Nc5 h5 29. Qc3 f6 30. Qc2 g5 31. Qe2 Kh6 32. Qf3 Kg6 33. Qe2 Qc8 34. Rc2 g4 35. Nd3 Re4 36. Nc5 R4e7 37. Nd3 Re4 38. Nc5 Rxd4 39. Rc3 Qf5 40. Qb2 Rb4 41. Nd3 Rbe4 42. f3 gxf3 43. Rxf3 Qg5 44. Nf4 Kf7 45. Rd3 R4e5 46. Qd4 h4 47. Qb6 R8e7 48. Qd8 Nf5 49. Qb6 d4 50. Qb4 Rxe3 51. Rfxe3 Nxe3 52. Qxd4 Qg3 53. Qb4 a5 54. Qxa5 Qxf4 55. Qh5 Kg7 56. Rd2 Nf5 57. Re2 Rxe2 58. Qxe2 Qe3 59. Qxe3 Nxe3  0-1

[Event "51st National Challengers (National â€˜Bâ€™) Chess Cha"]
[Site "Bhopal, Madhya Pradesh-India"]
[Date "2013.10.20"]
[Round "11"]
[Board "27"]
[White "Krishna Teja, N"]
[Black "Karthikeyan, P."]
[Result "0-1"]
[WhiteElo "2185"]
[BlackElo "2389"]
[PlyCount "0"]
[EventDate "2013.10.12"]
[EventRounds "13"]
[EventCountry "IND"]

1. Nf3 Nf6 2. c4 c5 3. b3 e6 4. Bb2 b6 5. e3 Bb7 6. Be2 Be7 7. O-O O-O 8. d4 cxd4 9. Nxd4 a6 10. Bf3 Qc7 11. Bxb7 Qxb7 12. Qf3 Qxf3 13. gxf3 Rc8 14. Nc3 d6 15. Rfd1 Ra7 16. f4 g6 17. Nde2 Nbd7 18. Ng3 Ne8 19. Rac1 f5 20. Nge2 Kf7 21. Ba3 Rac7 22. Bb4 h6 23. Kg2 g5 24. e4 gxf4 25. exf5 e5 26. Nd5 Rc6 27. Re1 Bg5 28. Rcd1 Ng7 29. f6 Nf5 30. Nec3 Nxf6 31. Nxf6 Bxf6 32. Ne4 Be7 33. Rd3 d5 34. Rxd5 Bxb4 35. Red1 Rg6 36. Kh1 Ke6 37. Rd7 Nd4 38. Rd5 Rcg8 39. a3 Be7 40. Nd2 Rg5  0-1